Nové trendy a aplikácie v oblasti zariadení pre skenovanie a čítanie dát v logistických procesoch

Guardado en:
Detalles Bibliográficos
Autor principal: Zahoranová, Alena (Autor)
Otros Autores: Delgado Sobrino, Daynier Rolando (Orientador)
Formato: Manuscrito Libro
Lenguaje:eslovaco
Publicado: 2017
Materias:
Acceso en línea:http://is.stuba.sk/zp/portal_zp.pl?podrobnosti=126771
Etiquetas: Agregar Etiqueta
Sin Etiquetas, Sea el primero en etiquetar este registro!

MARC

LEADER 00000ntm a22000003a 4500
001 stuzp62662
003 SK-STU
005 20170624211722.5
007 ta
008 150427s2015----xo-----f-mn---000-0-slo-d
040 |a STU  |b slo 
041 0 |a slo 
100 1 |a Zahoranová, Alena  |u 063000  |4 aut  |U MTF Materiálovotechnologická fakulta  |T MTF Ústav výrobných technológií  |X 46746  |U M3000  |Y 83  |7 46746 
242 0 1 |a New trends and applications in the field of devices for the scanning and reading of data in logistics processes  |y eng 
245 1 0 |a Nové trendy a aplikácie v oblasti zariadení pre skenovanie a čítanie dát v logistických procesoch 
260 |c 2017 
650 4 |a logistické procesy  |2 slo 
650 4 |a Industry 4.0  |2 slo 
650 4 |a čiarový kód  |2 slo 
650 4 |a RFID  |2 slo 
650 4 |a čítačky kódov  |2 slo 
650 4 |a skenovanie dát  |2 slo 
650 4 |a analýza procesov  |2 slo 
650 4 |a data scanning  |2 eng 
650 4 |a barcode scanner  |2 eng 
650 4 |a logistic processes  |2 eng 
650 4 |a Industry 4.0  |2 eng 
650 4 |a barcode  |2 eng 
650 4 |a RFID  |2 eng 
650 4 |a process analysis  |2 eng 
700 1 |a Delgado Sobrino, Daynier Rolando  |u 063000  |k Z2  |4 ths  |U MTF Materiálovotechnologická fakulta  |T MTF Ústav výrobných technológií  |X 45485  |U M3000  |Y 83  |7 A000045485 
856 4 |u http://is.stuba.sk/zp/portal_zp.pl?podrobnosti=126771 
996 |c M* DP-13040  |l MMSKP  |s P  |a 0  |w stuzp62662_0001